000 00556nam a2200193 u 4500
005 20240425063937.0
008 090206s2008 es r 000 0 spa d
020 _a9788497841412
035 _aUPN01000168935
049 _aCG
050 4 _aLB1025
_bS5.6
100 1 _aSimmel, George,
_d1858-1918
_942175
245 1 0 _aPedagogía escolar /
_cGeorg Simmel ; tr. Cecilia Abdo Ferez.
260 _aBarcelona, Esp. :
_bGedisa,
_c2008.
300 _a214 p.
440 0 _aDimensión clásica.
_pTeoría social
650 4 _aEnseñanza
_96215
905 _aLibro
999 _c141041
_d141041